La vista (Registro nro. 240449)

Detalles MARC
000 -ENCABEZADO
Número de control [NR] 00935cam a2200265Ia 4500
005 - FECHA Y HORA DE LA ÚLTIMA TRANSACCIÓN
control field 20180312142003.0
008 - DE LONGITUD FIJA DE DATOS DE ELEMENTOS - INFORMACIÓN GENERAL
Elementos de longitud fija [NR] 1404 s1993 ck a gr 000 j spa d
020 ## - NUMERO INTERNACIONAL NORMALIZADO PARA LIBROS [R]
Número Internacional Normalizado del libro [NR] 9580424721
020 ## - NUMERO INTERNACIONAL NORMALIZADO PARA LIBROS [R]
Número Internacional Normalizado del libro [NR] 9789580424727
040 ## - FUENTE DE CATALOGACION [NR]
Agencia de catalogación original [NR] CO-BoUCM
Idioma de catalogación [NR] spa
Quien Cataloga Jose A. Gerena
Quien Clasifica Diana Londoño
041 ## - CODIGO DE IDIOMA [R]
Código de idioma para texto/pista de sonido o título separado [R] Español
100 1# - ASIENTO PRINCIPAL--NOMBRE PERSONAL [NR]
Nombre personal [NR] Rius, María
ID Autoridad 50300
245 13 - MENCION DE TITULO [NR]
Título [NR] La vista
Mención de responsabilidad, etc. [NR] María Rius, Josep M. Parramón, J.J. Puig
260 ## - PUBLICACION, DISTRIBUCION, ETC. (PIE DE IMPRENTA) [R]
Lugar de publicación, distribución, etc. [R] Bogotá (Colombia)
Nombre del editor, distribuidor, etc. [R] Norma
Fecha de publicación, distribución, etc. [R] 1993
300 ## - DESCRIPCION FISICA [R]
Extensión [R] [30] páginas
Otros detalles físicos [NR] ilustraciones a color
490 1# - MENCION DE SERIE [R]
Mención de serie [R] Primera biblioteca de los niños
-- Serie los cinco sentidos
650 #7 - ASIENTO SECUNDARIO DE MATERIA - TERMINO TEMATICO [R]
Término temático o nombre geográfico como elemento de entrada [NR] Cuentos ilustrados para niños
9 (RLIN) 37305
650 #7 - ASIENTO SECUNDARIO DE MATERIA - TERMINO TEMATICO [R]
Término temático o nombre geográfico como elemento de entrada [NR] Literatura infantil española
9 (RLIN) 18684
650 #7 - ASIENTO SECUNDARIO DE MATERIA - TERMINO TEMATICO [R]
Término temático o nombre geográfico como elemento de entrada [NR] Literatura infantil
9 (RLIN) 18680
690 ## - ASUNTO AGREGADO LOCAL DE ENTRADA - TÉRMINO TEMÁTICO (OCLC, RLIN)
9 (RLIN) 42863
Acceso temático local Literatura europea
700 1# - ASIENTO SECUNDARIO - NOMBRE PERSONAL [R]
Nombre personal [NR] Parramón, Josep María
9 (RLIN) 59317
700 1# - ASIENTO SECUNDARIO - NOMBRE PERSONAL [R]
Nombre personal [NR] Puig, J. J.
9 (RLIN) 59318
942 ## - ELEMENTOS DE ENTRADA AGREGADOS (KOHA)
Tema principal Literatura
Tipo de ítem principal el descrito en 300a Libro
Edición 1
Parte restante de la signatura top. G615v
Sistema de clasificación DEWEY
Clasificación 868.64
Título oculto en OPAC No
Existencias
Total préstamos Signatura topográfica Código de barras Última vez visto Ejemplar Costo de reposición Price effective from Tipo de ítem Nota pública (OPAC) Perdido Sistema de clasificación Dañado No prestable Tipo de ítem específico Suprimido Ubicación habitual Ubicación actual Localización Fecha de creación Proveedor Forma de adquisición Costo
  868.64 R615vi 200026574 11/12/2025 Ej.1 26000.00 02/08/2013 Libro Spot Literatura Infantil   DEWEY     Libro   Quinta de Mutis Quinta de Mutis Mezanecs 02/08/2013 12 Donación 0.00